|
|
|
|
| LEADER |
00000nab a2200000uu 4500 |
| 001 |
vtls011526056 |
| 003 |
SK-MaSNL |
| 005 |
20260303215105.0 |
| 008 |
230121|2012 xo |||||||||||||||||slo| |
| 015 |
|
|
|a SNBRB
|
| 035 |
|
|
|a (urnnbn)urn:nbn:sk:snk:ar-a08sfs
|
| 035 |
|
|
|a (uuid)503ec7ae-f03f-487c-84c7-a70dbe7536a5
|
| 035 |
|
|
|a urn:nbn:sk:snk-abed8p
|
| 040 |
|
|
|a SNKBUCL
|b slo
|c SNKBUCL
|e AACR2
|
| 041 |
0 |
|
|a slo
|
| 044 |
|
|
|a xo
|c SK
|
| 080 |
|
|
|a 303.62
|2 2001
|
| 080 |
|
|
|a 177.72-056.87
|2 2001
|
| 100 |
1 |
|
|a Juráš, Ján
|4 aut
|9 344293
|
| 245 |
1 |
0 |
|a Štedrosť a ochota nielen na Vianoce...
|c Ján Juráš, Ondrej Prostredník
|
| 650 |
0 |
7 |
|a rozhovor
|2 SNKPH
|9 23484
|
| 650 |
0 |
7 |
|a filantropi
|2 SNKPH
|9 89564
|
| 700 |
1 |
|
|a Prostredník, Ondrej
|4 aut
|9 18063
|
| 773 |
0 |
|
|t Cirkevné listy : časopis venovaný záujmom cirkve evanjelickej a. v.
|g Roč. 136, č. 12 (2012), s. 4-8
|
| 954 |
|
|
|a odborná, vedecká literatúra pôvodná (slovenská)
|2 lita
|
| 958 |
|
|
|a OND
|
| 958 |
|
|
|a EUIPO
|
| 958 |
|
|
|a article21
|
| 999 |
|
|
|c 2220060
|d 2221990
|